000 01871nam1a22004691 4500
001 RU\NLR\A1SV\83779
005 20260407070301.0
035 _a(NLR Aleph) 009765191
090 _a10034510
_c10034510
100 _a20061228d1926 u y0rusy50 ca
101 0 _arus
102 _aRU
200 1 _aПуть к Ленину
_fСист. сб. цитат из произведений В.И.Ленина
_gСост. В.В.Адоратским, Н.Н.Баранским, Г.Крамольниковым, И.Ф.Поповым
210 _aМ.
_aЛ.
_cМоск. рабочий
_d1926
215 _d17 см
300 _aНа обл. подзаг.: Собрание выдержек из соч. В.И.Ленина. В 4-х кн.
300 _aНапеч. в Ленинграде
620 _dМосква
620 _dСанкт-Петербург
700 1 _aЛенин
_bВ.И.
_f1870-1924
_gВладимир Ильич
702 1 _7ca
_8rus
_aАдоратский
_bВ. В.
_f1878-1945
_gВладимир Викторович
_3RU\NLR\AUTH\770133283
_9133249
702 1 _aБаранский
_bН.Н.
_f1881-1963
_gНиколай Николаевич
702 1 _aПопов
_bИ.Ф.
_f1886-1957
_gИван Федорович
702 1 _aКрамольников
_bГ.И.
_f1880-1962
_gГригорий Иннокентьевич
801 0 _aRU
_bNLR
_c20061228
899 _aРНБ
_jМ 16 В-1/5
899 _aРНБ
_jМ 16 В-1/5а
899 _aРНБ
_jЛ 1-Сб/67-1а
899 _aГПИБ
_z(Кн.1, 4)
899 _aРГБ
899 _aГОПБ
899 _aНБ РМолд.
_z(Кн.2)
899 _aSLK
899 _aСамОУНБ
_z(Кн.1, 4)
899 _aНБ РС
_z(Я)
899 _aНБ ТГУ
899 _aОренбургОУНБ
_z(Кн.2,3)
942 _cBOOK
980 _aNB
980 _aA1SV
980 _aA1SV